The Seven Dwarfs by Picture - Statistics

General Stats
  • This quiz has been taken 40 times
  • The average score is 6 of 7
Answer Stats
Picture Answer % Correct
Grumpy
94%
Sleepy
92%
Sneezy
92%
Doc
89%
Bashful
86%
Happy
86%
Dopey
81%
No matching quizzes found
Score Distribution
Percent of People with Each Score
Percentile by Number Answered
Your Score History
You have not taken this quiz